| 000 | 00918nam a2200205 i 4500 | ||
|---|---|---|---|
| 001 | C00046115c | ||
| 005 | 20241029145711.0 | ||
| 008 | 021111s1753 sp a 000 0 spa d | ||
| 080 | _a783.651.2(460)"17" | ||
| 245 | 0 | 0 | _aVILLANCICOS, QUE SE HAN DE CANTAR LA NOCHE DE NAVIDADEN LA IGLESIA DEL IMPERIAL COLEGIO DE LA COMPAÑIA DE JESUS DE ESTA CORTE, EN ESTE AñO DE M.DCC.LIII. |
| 260 |
_aCon licencia en Madrid : _ben la Imprenta de la Viuda de Manuel Fernandez. |
||
| 300 |
_a14 p. : _bil. ; _c21 cm. |
||
| 500 | _aEn anteportada ms. a tinta: 1. Antebª 6-3 nº 4 -- 2. Belmonte y octubre 27 de 1767 -- 3. Memandó encuadernar su dueño Jacinto Hernandez -- 4. Perteneció este libro al insigne Maestro Eslava 1879. | ||
| 500 | _aEnc. en perg. | ||
| 500 | _aEnc. con otras obras. | ||
| 650 | 1 | 4 |
_aVillancicos (Música)- _zEspaña- _yS. XVIII. _993872 |
| 852 | 4 | 2 | _jA-1737 |
| 999 |
_c45110 _d45110 |
||